| 000 | 01034nam a2200289 c 4500 | ||
|---|---|---|---|
| 003 | BLK | ||
| 005 | 20250623120845.0 | ||
| 008 | 180411b bul|||||r ||||||| ||bul|| | ||
| 020 | _a9786197581720 | ||
| 040 | _aBLK | ||
| 041 |
_aBUL _cBUL |
||
| 080 |
_aИталианска литература _b821.131.1 _x-31 _z821.131.1-31 |
||
| 084 | _aД 23 | ||
| 100 |
_aДара, Доменико _9480148 |
||
| 245 | 1 | 0 |
_aЗаписки по небесната механика _bроман _cДоменико Дара ; прев. от итал. Ваня Георгиева |
| 260 |
_aСофия _bЛемур _c2025 _9470405 _n9786197581 |
||
| 300 |
_a404 с. _c22 см |
||
| 380 | _aX | ||
| 700 | 1 |
_aГеоргиева, Ваня _eпрев. от итал. _9342554 |
|
| 856 | 4 | _qpdf | |
| 856 | 4 | _qpdf | |
| 942 |
_cKNG _n0 _s0 _02 |
||
| 944 |
_cИваничка Йорданова _k30531 _lЦветелина Шанова |
||
| 999 |
_c531059 _d531059 |
||
| 999 | _d531059 | ||
| 999 | _d531059 | ||